Guess Kpop MV by thumbnail(Girlgroup ver.) - Statistics

General Stats
  • This quiz has been taken 281 times
    270 since last reset
  • The average score is 24 of 48
Answer Stats
Picture Answer % Correct
Love dive - IVE
86%
Flower - JISOO(BLACKPINK)
84%
Solo - JENNIE(BLACKPINK)
84%
Pop - NAYEON(TWICE)
81%
Queencard - (G)I-DLE
79%
Magnetic - ILLIT
76%
Unforgiven - LE SSERAFIM
76%
How you like that - BLACKPINK
75%
On the ground - ROSE(BLACKPINK)
75%
Savage - aespa
68%
I can't stop me - TWICE
66%
ICY - ITZY
66%
Lalisa - LISA(BLACKPINK)
66%
Wa da da - Kep1er
66%
Love me like this - NMIXX
65%
Sheesh - BABYMONSTER
64%
OMG - Newjeans
63%
XOXO - Jeon Somi
63%
Killin' me good - JIHYO(TWICE)
60%
Psycho - Red Velvet
57%
Zoom - Jessi
57%
Dun dun - EVERGLOW
56%
INVU - Taeyeon(SNSD)
55%
After school - Weeekly
54%
Bboom bboom - MOMOLAND
54%
Midas touch - KISS OF LIFE
53%
Very very very - I.O.I
48%
Forever 1 - SNSD
46%
Secret story of the swan - IZ*ONE
45%
Gashina - SUNMI
43%
28 Reasons - SEULGI(Red Velvet)
42%
Lilac - IU
37%
Apple - GFRIEND
36%
Cupid - FIFTY FIFTY
34%
Rollin' - Brave Girls
33%
Starry night - MAMAMOO
33%
Nonstop - OH MY GIRL
31%
Wish you hell - WENDY(Red Velvet)
29%
Sweet juice - Purple Kiss
27%
DM - fromis_9
26%
Gotta go - Chungha
22%
So what - Loona
20%
Girls' Capitalism - tripleS LOVElution
15%
As you wish - WJSN
13%
Superwoman - UNIS
11%
Ah-choo - LOVELYZ
10%
When I move - KARA
8%
Run2u - STAYC
7%
No matching quizzes found
Score Distribution
Percent of People with Each Score
Percentile by Number Answered
Your Score History
You have not taken this quiz since the last reset